[Event "32nd ECC Open 2016"]
[Site "Novi Sad SRB"]
[Date "2016.11.07"]
[Round "2.25"]
[Board "4"]
[White "Waterfield, John W"]
[Black "Palkovich, Denis"]
[Result "0-1"]
[BlackTitle "FM"]
[WhiteElo "1986"]
[BlackElo "2118"]
[WhiteTeam "Abergavenny"]
[BlackTeam "LugPokerChess"]
[WhiteFideId "407143"]
[BlackFideId "14113260"]
[EventDate "2016.11.06"]

1. e4 d5 2. exd5 Qxd5 3. Nc3 Qa5 4. d4 Nf6 5. Bc4 Nc6 6. Bd2 Qb6 7. d5 Ne5 8.
Bb3 Bg4 9. f3 Bh5 10. Qe2 Ned7 11. g4 Bg6 12. O-O-O Nc5 13. Bc4 h5 14. g5 Nfd7
15. Nh3 O-O-O 16. Nf4 Bf5 17. d6 e6 18. dxc7 Qxc7 19. g6 fxg6 20. Nxe6 Nxe6 21.
Bxe6 Re8 22. Bxd7+ Bxd7 23. Ne4 Bc6 24. Qg2 Re6 25. Ng5 Rf6 26. Bc3 Qf4+ 27. Qd2
Bc5 28. Qxf4 Rxf4 29. Rhe1 Bxf3 30. Rd3 Bg4 31. Bxg7 Rg8 32. Bh6 Rd4 33. Rc3 b6
34. Ne4 Re8 35. Nd6+ Rxd6 36. Rxe8+ Kd7 37. Re1 Bb4 38. Bd2 Bxc3 39. Bxc3 Rd5
40. h4 g5 41. Bf6 gxh4 42. Bxh4 Kc6 43. b3 Rd4 44. Bf6 Rf4 45. Bg5 Rf2 46. Re3
Kd5 47. Re7 a6 48. Kb2 Bf5 49. Rf7 Rg2 50. Bf6 Be4 51. b4 Rg6 52. Bd8 Rg8 53.
Rd7+ Kc6 54. Rd4 Bf5 55. Bf6 Rg2 56. Rc4+ Kb5 57. Kb3 Rg3+ 58. Rc3 Be6+ 59. Kb2
Rg4 60. Be7 Re4 61. a3 h4 62. Rf3 h3 63. Rf2 Kc4 64. Bd6 Re3 65. Bc7 b5 66. Rf4+
Kd5 67. Rh4 Re2 68. Kc3 Bf5 69. Rh5 Rxc2+ 70. Kb3 Rf2 71. Rh6 Be6 72. Kc3 Rf3+
73. Kb2 Re3 74. Rh5+ Ke4 75. Re5+ Kf3 76. Rxe3+ Kxe3 77. Kc3 Bd7 78. Bd6 Kf3 79.
Kd4 Kg2 80. a4 h2 81. Bxh2 Kxh2 0-1

[Event "32nd ECC Open 2016"]
[Site "Novi Sad SRB"]
[Date "2016.11.07"]
[Round "2.25"]
[Board "5"]
[White "Maratkanov, Evgeny"]
[Black "Miles, Richard"]
[Result "1-0"]
[WhiteElo "2141"]
[BlackElo "2000"]
[WhiteTeam "LugPokerChess"]
[BlackTeam "Abergavenny"]
[WhiteFideId "14106205"]
[BlackFideId "1801139"]
[EventDate "2016.11.06"]

1. Nf3 c5 2. c4 Nf6 3. d4 cxd4 4. Nxd4 a6 5. Nc3 d5 6. Qa4+ Bd7 7. Qb3 Nc6 8.
Nxc6 Bxc6 9. Bg5 dxc4 10. Qxc4 Qa5 11. Bd2 Qb6 12. e4 e6 13. Bd3 Qc5 14. Qxc5
Bxc5 15. f3 Rd8 16. Ke2 O-O 17. Be3 Nd7 18. Rhd1 Bxe3 19. Kxe3 Ne5 20. Be2 Rfe8
21. g3 Kf8 22. f4 Nd7 23. e5 Nb6 24. Ne4 Nd5+ 25. Kf2 Ke7 26. Bf3 f6 27. exf6+
gxf6 28. Nc5 Kd6 29. Rac1 Ra8 30. Rd2 Ke7 31. f5 Red8 32. Nxe6 Rd6 33. Rcd1 Rc8
34. Bxd5 Bxd5 35. Rxd5 Rxd5 36. Rxd5 Rc2+ 37. Ke3 Rxb2 38. Rd2 Rb4 39. Nf4 1-0

[Event "32nd ECC Open 2016"]
[Site "Novi Sad SRB"]
[Date "2016.11.07"]
[Round "2.25"]
[Board "6"]
[White "Dixon, Chris"]
[Black "Shvyriaev, Artem"]
[Result "0-1"]
[WhiteElo "1785"]
[BlackElo "2116"]
[WhiteTeam "Abergavenny"]
[BlackTeam "LugPokerChess"]
[WhiteFideId "1801880"]
[BlackFideId "14118181"]
[EventDate "2016.11.06"]

1. Nf3 Nf6 2. g3 g6 3. Bg2 Bg7 4. O-O O-O 5. d3 d5 6. Nbd2 Nbd7 7. e4 dxe4 8.
dxe4 e5 9. Qe2 b6 10. Rd1 Qe7 11. Nb3 Bb7 12. Bg5 h6 13. Bxf6 Nxf6 14. Ne1 Ne8
15. c3 Nd6 16. Nc2 a5 17. Nd2 Rae8 18. Ne3 f5 19. f3 f4 20. Nef1 fxg3 21. hxg3
h5 22. a4 h4 23. g4 Bh6 24. b4 Ra8 25. b5 Bc8 26. Nc4 Nxc4 27. Qxc4+ Be6 28. Qe2
Rad8 29. Kh1 Qc5 30. Rxd8 Rxd8 31. Rd1 Rxd1 32. Qxd1 Bg5 33. Qd3 Qc4 34. Qc2 Qb3
35. Qd3 Qxa4 36. f4 exf4 37. e5 Kg7 38. Bc6 Bxg4 39. Be8 Bf5 40. Qd2 Qe4+ 0-1

[Event "32nd ECC Open 2016"]
[Site "Novi Sad SRB"]
[Date "2016.11.07"]
[Round "2.26"]
[Board "1"]
[White "Adair, James R"]
[Black "Schroeder, Jan-Christian"]
[Result "1/2-1/2"]
[WhiteTitle "IM"]
[BlackTitle "GM"]
[WhiteElo "2488"]
[BlackElo "2521"]
[WhiteTeam "White Rose"]
[BlackTeam "The Smashing Pawns Bieles"]
[WhiteFideId "406252"]
[BlackFideId "24662259"]
[EventDate "2016.11.06"]

1. e4 c5 2. Nf3 d6 3. d4 cxd4 4. Nxd4 Nf6 5. Nc3 a6 6. Be3 e6 7. Be2 Nbd7 8. g4
h6 9. a4 b6 10. Qd2 Bb7 11. f3 Ne5 12. O-O-O Qc7 13. h4 Nc4 14. Bxc4 Qxc4 15. g5
Nd7 16. g6 Nc5 17. gxf7+ Kxf7 18. Rhg1 Be7 19. Qg2 Bf6 20. Qg6+ Ke7 21. Rg4 Nd7
22. Nd5+ Bxd5 23. exd5 Ne5 24. Qe4 exd5 25. Qf5 Qc8 26. Qh5 Qe8 27. Qf5 Qd7 28.
Qh5 Qe8 29. Qf5 Qd7 30. Qh5 Qe8 1/2-1/2

[Event "32nd ECC Open 2016"]
[Site "Novi Sad SRB"]
[Date "2016.11.07"]
[Round "2.26"]
[Board "2"]
[White "Frischmann, Rick"]
[Black "Brown, Martin"]
[Result "1-0"]
[BlackTitle "FM"]
[WhiteElo "2312"]
[BlackElo "2302"]
[WhiteTeam "The Smashing Pawns Bieles"]
[BlackTeam "White Rose"]
[WhiteFideId "24660752"]
[BlackFideId "401480"]
[EventDate "2016.11.06"]

1. e4 e6 2. d4 d5 3. Nd2 Be7 4. Bd3 c5 5. dxc5 Nf6 6. Qe2 O-O 7. Ngf3 a5 8. O-O
Na6 9. e5 Nd7 10. c4 Ndxc5 11. Bb1 d4 12. Rd1 b6 13. Ne4 d3 14. Bxd3 Nxd3 15.
Rxd3 Qc7 16. Nd6 Bd7 17. Ng5 Bxd6 18. exd6 Qxc4 19. Nxh7 Rfc8 20. Nf6+ gxf6 21.
Rg3+ Kf8 22. Bh6+ Ke8 23. Rg8# 1-0

[Event "32nd ECC Open 2016"]
[Site "Novi Sad SRB"]
[Date "2016.11.07"]
[Round "2.26"]
[Board "3"]
[White "Townsend, M Paul"]
[Black "Commercon, Simon"]
[Result "0-1"]
[WhiteElo "2231"]
[BlackElo "2266"]
[WhiteTeam "White Rose"]
[BlackTeam "The Smashing Pawns Bieles"]
[WhiteFideId "402320"]
[BlackFideId "24620998"]
[EventDate "2016.11.06"]

1. d4 f5 2. c4 Nf6 3. Nf3 d6 4. Nc3 g6 5. e3 Bg7 6. Be2 O-O 7. b4 e5 8. dxe5 Ng4
9. Qb3 dxe5 10. Ba3 Be6 11. Rd1 Nd7 12. b5 Re8 13. Nd5 Nh6 14. O-O Nf7 15. Rd2
c6 16. bxc6 bxc6 17. Nb4 Qb6 18. Qa4 Rac8 19. Na6 c5 20. Rb2 Qc6 21. Rb5 e4 22.
Ne1 Nd6 23. Ra5 Qxa4 24. Rxa4 Nb6 25. Bxc5 Nxa4 26. Bxd6 Nc3 0-1

[Event "32nd ECC Open 2016"]
[Site "Novi Sad SRB"]
[Date "2016.11.07"]
[Round "2.26"]
[Board "4"]
[White "Wild, Achim"]
[Black "Barrett, Stephen J"]
[Result "1-0"]
[WhiteElo "2230"]
[BlackElo "2181"]
[WhiteTeam "The Smashing Pawns Bieles"]
[BlackTeam "White Rose"]
[WhiteFideId "4658728"]
[BlackFideId "408727"]
[EventDate "2016.11.06"]

1. Nf3 Nf6 2. c4 g6 3. g3 Bg7 4. Bg2 O-O 5. O-O d6 6. d4 c6 7. Nc3 Qa5 8. e4 Bg4
9. h3 Bxf3 10. Bxf3 Nfd7 11. Be3 a6 12. Rc1 c5 13. d5 b5 14. Be2 Nb6 15. Qd2
Nxc4 16. Bxc4 bxc4 17. Bh6 Nd7 18. Bxg7 Kxg7 19. f4 Rab8 20. Rf2 Nb6 21. Qd1 f6
22. Qc2 Na8 23. Qe2 Nc7 24. a4 Na8 25. e5 fxe5 26. Rcf1 Qc7 27. Ne4 h6 28. Qg4
exf4 29. gxf4 Qc8 30. f5 Qe8 31. Rg2 Nc7 32. Qh4 g5 33. Nxg5 1-0

[Event "32nd ECC Open 2016"]
[Site "Novi Sad SRB"]
[Date "2016.11.07"]
[Round "2.26"]
[Board "5"]
[White "O'driscoll, Kieran"]
[Black "Jeitz, Christian"]
[Result "0-1"]
[WhiteElo "2109"]
[BlackElo "2173"]
[WhiteTeam "White Rose"]
[BlackTeam "The Smashing Pawns Bieles"]
[WhiteFideId "2501899"]
[BlackFideId "4000803"]
[EventDate "2016.11.06"]

1. d4 Nf6 2. c4 g6 3. Nc3 d5 4. Nf3 Bg7 5. Bf4 O-O 6. Rc1 dxc4 7. e4 Bg4 8. Bxc4
Nh5 9. Be3 Bxf3 10. gxf3 e5 11. dxe5 Bxe5 12. Bh6 Bg7 13. Bxg7 Kxg7 14. Qxd8
Rxd8 15. Ke2 Nf4+ 16. Ke3 Ng2+ 17. Ke2 Nc6 18. Rhd1 Nd4+ 19. Kf1 Nf4 20. Nd5
Nfe6 21. Kg2 Rd7 22. Kg3 c6 23. Nc3 Rad8 24. Re1 h5 25. h4 g5 26. hxg5 Nxg5 27.
f4 h4+ 28. Kg4 Ngf3 29. Re3 Kh6 30. Ne2 Rg8+ 31. Kh3 Kh5 32. Nxd4 Nxd4 33. Rd1
Rgd8 34. Red3 c5 35. R3d2 a6 36. Be2+ Kh6 37. Kxh4 Nf5+ 0-1

[Event "32nd ECC Open 2016"]
[Site "Novi Sad SRB"]
[Date "2016.11.07"]
[Round "2.26"]
[Board "6"]
[White "Gengler, Pierre"]
[Black "Sucikova, Svetlana"]
[Result "0-1"]
[BlackTitle "WFM"]
[WhiteElo "2243"]
[BlackElo "2076"]
[WhiteTeam "The Smashing Pawns Bieles"]
[BlackTeam "White Rose"]
[WhiteFideId "4000714"]
[BlackFideId "14923653"]
[EventDate "2016.11.06"]

1. g3 e5 2. Bg2 f5 3. d4 e4 4. c4 Nf6 5. Nc3 Be7 6. f3 exf3 7. Nxf3 O-O 8. O-O
d6 9. Nh4 g6 10. Bh6 Re8 11. Nd5 Ng4 12. Nxe7+ Qxe7 13. Qd2 Nxh6 14. Qxh6 Qe3+
15. Qxe3 Rxe3 16. g4 Nc6 17. gxf5 gxf5 18. Kf2 f4 19. Rg1 Kh8 20. Bd5 Bd7 21.
Ng2 Rh3 22. Nxf4 Rf8 23. e3 Rxh2+ 24. Kg3 Rxb2 25. Rh1 Ne7 26. Rh5 c6 27. Be4
Rg8+ 28. Bg6 Nxg6 29. Rah1 Ne5+ 30. Ng6+ Rxg6+ 31. Kf4 Rf2+ 32. Ke4 Rg4# 0-1

[Event "32nd ECC Open 2016"]
[Site "Novi Sad SRB"]
[Date "2016.11.07"]
[Round "2.27"]
[White "Heinzel, Olaf"]
[Black "Napoli, Nicolo"]
[Result "1/2-1/2"]
[WhiteTitle "IM"]
[BlackTitle "FM"]
[WhiteElo "2358"]
[BlackElo "2243"]
[WhiteTeam "Gambit Bonnevoie"]
[BlackTeam "DLF Steinitz Roma"]
[WhiteFideId "4626664"]
[BlackFideId "813702"]
[EventDate "2016.11.06"]

1. d4 Nf6 2. Bf4 g6 3. e3 Bg7 4. Be2 d6 5. h4 h5 6. Nc3 c6 7. Nf3 Qa5 8. O-O Bg4
9. a4 Nbd7 10. Nd2 Bxe2 11. Qxe2 Qf5 12. Nc4 Qg4 13. Qxg4 hxg4 14. g3 Nd5 15.
Ne2 N7b6 16. Nxb6 axb6 17. c3 e5 18. dxe5 dxe5 19. Bg5 f6 20. e4 fxg5 21. exd5
gxh4 22. dxc6 bxc6 23. gxh4 Rxh4 24. Ng3 Bh6 25. Rfe1 Bf4 26. Nf1 Rh3 27. Re4
Kf7 28. Rd1 Ke6 29. Rb4 Ra6 30. Rd8 c5 31. Rb5 Kf5 32. Rd6 Rxa4 33. Rbxb6 g5 34.
Kg2 Ra1 35. Ra6 Rb1 36. Rf6+ Ke4 37. Rxf4+ exf4 38. Nd2+ Kd3 39. Nxb1 f3+ 40.
Kg1 g3 41. fxg3 g4 42. Rd6+ Kc2 43. Nd2 Rxg3+ 44. Kf1 Kxb2 45. Ne4 Rh3 46. Nf2
Rh4 47. Rg6 Kxc3 48. Nxg4 c4 1/2-1/2

[Event "32nd ECC Open 2016"]
[Site "Novi Sad SRB"]
[Date "2016.11.07"]
[Round "2.27"]
[White "Ramondino, Renzo"]
[Black "Rusev, Rosen Yordanov"]
[Result "0-1"]
[WhiteTitle "FM"]
[BlackTitle "FM"]
[WhiteElo "2144"]
[BlackElo "2364"]
[WhiteTeam "DLF Steinitz Roma"]
[BlackTeam "Gambit Bonnevoie"]
[WhiteFideId "810304"]
[BlackFideId "2904187"]
[EventDate "2016.11.06"]

1. Nf3 Nf6 2. c4 e6 3. g3 d5 4. d4 Be7 5. Bg2 O-O 6. O-O c6 7. Qc2 Nbd7 8. b3 b6
9. Bb2 Bb7 10. Nc3 Qc7 11. Rad1 Rfd8 12. Rfe1 b5 13. c5 b4 14. Na4 Bf8 15. Ne5
g6 16. f4 Bg7 17. Bc1 Ba6 18. Bd2 Bb5 19. Bxb4 Bxa4 20. bxa4 Rdb8 21. Bc3 Nxe5
22. fxe5 Nd7 23. e4 Nf8 24. Rb1 Rxb1 25. Rxb1 Rb8 26. Rb3 Nd7 27. exd5 exd5 28.
Qb1 f6 29. Bh3 Rxb3 30. axb3 fxe5 31. Be6+ Kh8 32. Qf1 Nf8 33. Qf7 Qxf7 34. Bxf7
exd4 35. Bd2 Nd7 36. b4 Ne5 37. Bf4 Nxf7 38. b5 Nd8 39. Bg5 d3 40. Kf1 Ne6 41.
Be7 cxb5 42. axb5 Bd4 43. c6 Bb6 44. Ke1 Ba5+ 45. Kd1 Kg8 0-1

[Event "32nd ECC Open 2016"]
[Site "Novi Sad SRB"]
[Date "2016.11.07"]
[Round "2.27"]
[White "Dishman, Stephen"]
[Black "Ferretti, Folco"]
[Result "0-1"]
[BlackTitle "FM"]
[WhiteElo "2330"]
[BlackElo "2232"]
[WhiteTeam "Gambit Bonnevoie"]
[BlackTeam "DLF Steinitz Roma"]
[WhiteFideId "403024"]
[BlackFideId "802328"]
[EventDate "2016.11.06"]

1. d4 d5 2. Bf4 e6 3. e3 Bd6 4. Bg3 Ne7 5. c4 c6 6. Nc3 Nf5 7. Nf3 Nd7 8. Qc2
Nf6 9. Bd3 Nxg3 10. hxg3 h6 11. O-O-O b6 12. e4 dxe4 13. Nxe4 Bb7 14. c5 Be7 15.
Nxf6+ Bxf6 16. Be4 O-O 17. g4 bxc5 18. dxc5 Qc7 19. Bh7+ Kh8 20. g3 Rfd8 21.
Rxd8+ Qxd8 22. Be4 Rb8 23. Rd1 Qa5 24. b3 Ba6 25. Nd4 Rd8 0-1

[Event "32nd ECC Open 2016"]
[Site "Novi Sad SRB"]
[Date "2016.11.07"]
[Round "2.27"]
[White "Chiaretti, Roberto"]
[Black "Filipovic, Slobodan J"]
[Result "0-1"]
[WhiteElo "2279"]
[BlackElo "2263"]
[WhiteTeam "DLF Steinitz Roma"]
[BlackTeam "Gambit Bonnevoie"]
[WhiteFideId "805149"]
[BlackFideId "939633"]
[EventDate "2016.11.06"]

1. e4 c5 2. Nf3 Nc6 3. Nc3 e5 4. Bc4 Be7 5. d3 Nf6 6. O-O O-O 7. Ne1 d6 8. f4
Bg4 9. Qd2 exf4 10. Qxf4 Ne5 11. Nf3 Nxf3+ 12. gxf3 Bh3 13. Rd1 Nh5 14. Qd2 Bf6
15. Nd5 Bd4+ 16. Kh1 Qh4 17. c3 Be5 18. d4 cxd4 19. cxd4 Bg4 20. fxg4 Ng3+ 21.
Kg1 Nxe4 22. Qg2 Bxh2+ 23. Qxh2 Qxg4+ 24. Qg2 Qxd1+ 25. Kh2 Qxd4 26. Bb3 Rae8
27. Be3 Qe5+ 28. Bf4 Qh5+ 29. Kg1 Re6 30. Re1 Qg6 31. Nc7 Ng5 32. Rxe6 Nh3+ 0-1

[Event "32nd ECC Open 2016"]
[Site "Novi Sad SRB"]
[Date "2016.11.07"]
[Round "2.27"]
[White "Upton, Timothy J"]
[Black "Marzano, Carlo"]
[Result "1-0"]
[WhiteTitle "FM"]
[WhiteElo "2142"]
[BlackElo "2217"]
[WhiteTeam "Gambit Bonnevoie"]
[BlackTeam "DLF Steinitz Roma"]
[WhiteFideId "2400260"]
[BlackFideId "802980"]
[EventDate "2016.11.06"]

1. e4 d6 2. d4 Nf6 3. Nc3 e5 4. Nge2 Nc6 5. h3 g6 6. Be3 Bg7 7. g4 h5 8. g5 Nd7
9. Bg2 Nb6 10. d5 Nc4 11. dxc6 Nxe3 12. fxe3 Qxg5 13. cxb7 Bxb7 14. Kf2 Qh4+ 15.
Kg1 Bh6 16. Qd3 O-O 17. Rf1 Qg5 18. Rf3 h4 19. Nd5 f5 20. exf5 c6 21. Nc7 Rxf5
22. Rxf5 gxf5 23. Qb3+ Kh8 24. Nxa8 Bxa8 25. Qb8+ Kh7 26. Qxa7+ Kg6 27. Qxa8
Qxe3+ 28. Kf1 Bf4 29. Qxc6 Bg3 30. Qxd6+ Kh5 31. Nxg3+ hxg3 32. Qd1+ Kh4 33.
Qd8+ Kh5 34. Qe8+ Kg5 35. Qe7+ Kh5 36. Qf7+ Kg5 37. h4+ Kf4 38. Qc4+ e4 39. Qc7+
Kg4 40. Qg7+ 1-0

[Event "32nd ECC Open 2016"]
[Site "Novi Sad SRB"]
[Date "2016.11.07"]
[Round "2.27"]
[White "Bellincampi, Stefano"]
[Black "Visintin, Roberto"]
[Result "1/2-1/2"]
[WhiteElo "2014"]
[BlackElo "2058"]
[WhiteTeam "DLF Steinitz Roma"]
[BlackTeam "Gambit Bonnevoie"]
[WhiteFideId "804630"]
[BlackFideId "807613"]
[EventDate "2016.11.06"]

1. Nf3 d5 2. d4 Nf6 3. c4 e6 4. Nc3 Nbd7 5. cxd5 exd5 6. Bf4 c6 7. h3 Be7 8. e3
O-O 9. Bd3 Re8 10. Qc2 Nf8 11. O-O Ng6 12. Bh2 Bd6 13. Bxd6 Qxd6 14. Rab1 Be6
15. b4 a6 16. Na4 Nd7 17. Nc5 Nxc5 18. bxc5 Qc7 19. Rb3 Rad8 20. Rfb1 Bc8 21.
Bf5 Re7 22. R1b2 Bxf5 23. Qxf5 Qb8 24. h4 Nf8 25. Ne5 Qa8 1/2-1/2

[Event "32nd ECC Open 2016"]
[Site "Novi Sad SRB"]
[Date "2016.11.07"]
[Round "2.28"]
[White "Svane, Rasmus"]
[Black "Kiik, Kalle"]
[Result "1-0"]
[WhiteTitle "GM"]
[BlackTitle "IM"]
[WhiteElo "2546"]
[BlackElo "2403"]
[WhiteTeam "Nordea Skanderborg"]
[BlackTeam "Salon Shakkikerho"]
[WhiteFideId "4657101"]
[BlackFideId "4500075"]
[EventDate "2016.11.06"]

1. d4 d5 2. c4 e6 3. Nf3 c6 4. Qc2 Nf6 5. Nbd2 Nbd7 6. g3 b5 7. c5 g6 8. e4 Bg7
9. e5 Ng8 10. a4 b4 11. a5 Rb8 12. Nb3 Bh6 13. Bd3 Bxc1 14. Qxc1 Qe7 15. a6 Qf8
16. O-O Ne7 17. Re1 Qg7 18. Kg2 O-O 19. Qe3 f6 20. exf6 Nxf6 21. Ne5 Nd7 22. Nf3
Nf6 23. Qe5 Bd7 24. Re2 Rbe8 25. Qc7 Nc8 26. Ne5 Re7 27. Rae1 g5 28. Na5 Qh6 29.
Naxc6 Rg7 30. h3 g4 31. hxg4 Bxc6 32. Qxc6 Ne4 33. Bxe4 dxe4 34. Qxe4 1-0

[Event "32nd ECC Open 2016"]
[Site "Novi Sad SRB"]
[Date "2016.11.07"]
[Round "2.28"]
[White "Niemi, Kalle"]
[Black "Semcesen, Daniel"]
[Result "1/2-1/2"]
[WhiteTitle "FM"]
[BlackTitle "GM"]
[WhiteElo "2337"]
[BlackElo "2469"]
[WhiteTeam "Salon Shakkikerho"]
[BlackTeam "Nordea Skanderborg"]
[WhiteFideId "504378"]
[BlackFideId "1706993"]
[EventDate "2016.11.06"]

1. e4 e5 2. Nf3 Nc6 3. Bb5 a6 4. Ba4 Nf6 5. d3 Bc5 6. c3 b5 7. Bb3 O-O 8. O-O d6
9. h3 h6 10. Nbd2 Re8 11. Re1 Be6 12. Nf1 d5 13. Ng3 dxe4 14. dxe4 Qxd1 15. Bxd1
Red8 16. Bc2 Ne8 17. Nf5 Nd6 18. Be3 Nb7 19. a4 b4 20. Red1 b3 21. Bd3 f6 22.
Be2 Bxe3 23. Nxe3 Nc5 24. Nd2 Na5 25. f3 Kf7 26. Ndc4 Nxc4 27. Bxc4 Bxc4 28.
Nxc4 Ke6 29. Kf2 Rd7 30. Rxd7 Kxd7 31. Rd1+ Ke8 32. Rd5 Nxa4 33. Ra5 Nb6 34.
Nxb6 cxb6 35. Ra3 Kd7 36. Rxb3 Kc6 37. Ra3 a5 38. Ke2 Rd8 39. b3 h5 40. Ra1 g6
41. Ke3 Rd7 42. Ke2 Rd6 43. Ke3 Kd7 44. g3 Ke6 45. f4 Rd8 46. Rf1 b5 47. Ra1 Ra8
48. g4 hxg4 49. hxg4 exf4+ 50. Kxf4 g5+ 51. Ke3 Ke5 52. c4 bxc4 53. bxc4 a4 54.
Ra3 Ra5 55. c5 Rxc5 56. Rxa4 Rc3+ 57. Kf2 Kf4 58. e5+ Kxe5 59. Ra5+ Kf4 60. Ra4+
Ke5 61. Ra5+ Kf4 62. Ra4+ Ke5 63. Ra5+ Ke6 64. Ra6+ Kf7 65. Ra7+ Kg6 66. Kg2 Rc6
67. Kg3 f5 68. gxf5+ Kxf5 69. Ra5+ Kg6 70. Ra8 Rc3+ 71. Kg4 Rc4+ 72. Kg3 Rc3+
73. Kg4 Rc4+ 74. Kg3 Rc3+ 1/2-1/2

[Event "32nd ECC Open 2016"]
[Site "Novi Sad SRB"]
[Date "2016.11.07"]
[Round "2.28"]
[White "Pedersen, Nicolai Vesterbaek"]
[Black "Westerinen, Heikki M.J."]
[Result "1/2-1/2"]
[WhiteTitle "IM"]
[BlackTitle "GM"]
[WhiteElo "2377"]
[BlackElo "2311"]
[WhiteTeam "Nordea Skanderborg"]
[BlackTeam "Salon Shakkikerho"]
[WhiteFideId "1402340"]
[BlackFideId "500020"]
[EventDate "2016.11.06"]

1. d4 Nf6 2. c4 g6 3. Nc3 Bg7 4. e4 d6 5. f3 O-O 6. Be3 Nc6 7. Nge2 Re8 8. Qd2
Rb8 9. Rb1 a6 10. b4 Bd7 11. a4 a5 12. b5 Nb4 13. g3 e5 14. d5 c6 15. Bg2 cxd5
16. cxd5 Bc8 17. O-O Nd7 18. f4 Nb6 19. Bf2 Nc4 20. Qd1 exf4 21. gxf4 Bg4 22.
Bd4 Bxd4+ 23. Qxd4 Qb6 24. Qxb6 Nxb6 25. Bf3 Bxf3 26. Rxf3 Rbc8 27. Nd4 Rc4 28.
Nb3 Ra8 29. Nd2 Rd4 30. Nb3 Rc4 31. Nd2 Rd4 32. Nb3 1/2-1/2

[Event "32nd ECC Open 2016"]
[Site "Novi Sad SRB"]
[Date "2016.11.07"]
[Round "2.28"]
[White "Jarvenpaa, Jari"]
[Black "Grove, Peter"]
[Result "1/2-1/2"]
[WhiteTitle "FM"]
[WhiteElo "2249"]
[BlackElo "2170"]
[WhiteTeam "Salon Shakkikerho"]
[BlackTeam "Nordea Skanderborg"]
[WhiteFideId "504220"]
[BlackFideId "1411101"]
[EventDate "2016.11.06"]

1. e4 c5 2. c3 d5 3. exd5 Qxd5 4. d4 g6 5. Nf3 Bg7 6. Na3 cxd4 7. Nb5 Na6 8.
cxd4 Nf6 9. Be3 O-O 10. Nc3 Qa5 11. Bc4 Ne4 12. Rc1 Nd6 13. Bb3 Bg4 14. O-O Nf5
15. Bd5 Rad8 16. h3 Bxf3 17. Qxf3 b6 18. Qe2 Nb4 19. Bc4 Nxd4 20. Bxd4 Rxd4 21.
a3 Nc6 22. Bd5 Rxd5 23. b4 Nd4 24. Qa2 Qa6 25. Qxd5 Qxa3 26. Qc4 a6 27. Nb1 Qb2
28. Kh1 a5 29. bxa5 bxa5 30. Nc3 Nb3 31. Rb1 Qxc3 32. Qxb3 Qxb3 33. Rxb3 a4 34.
Ra3 Ra8 35. Rb1 Bd4 36. Rb4 Bxf2 37. Rbxa4 Rxa4 38. Rxa4 Kg7 39. g4 h6 40. Kg2
Bh4 41. Kf3 e6 42. Rc4 1/2-1/2

[Event "32nd ECC Open 2016"]
[Site "Novi Sad SRB"]
[Date "2016.11.07"]
[Round "2.28"]
[White "Munk, Kai"]
[Black "Hynninen, Juha"]
[Result "0-1"]
[WhiteElo "2039"]
[BlackElo "2220"]
[WhiteTeam "Nordea Skanderborg"]
[BlackTeam "Salon Shakkikerho"]
[WhiteFideId "1406949"]
[BlackFideId "504289"]
[EventDate "2016.11.06"]

1. d4 Nf6 2. c4 e6 3. Nc3 Bb4 4. Qc2 c5 5. e3 O-O 6. Nf3 b6 7. Be2 Ba6 8. O-O
Bxc3 9. bxc3 Nc6 10. Re1 d6 11. Nd2 Na5 12. Qa4 Qd7 13. Qxd7 Nxd7 14. Ba3 Rfd8
15. Rac1 Rac8 16. Bf1 Rc7 17. f4 Rc6 18. e4 Re8 19. d5 e5 20. f5 Nf6 21. h3 g6
22. fxg6 hxg6 23. g4 Kg7 24. Re3 Rh8 25. Rce1 Rcc8 26. Rg3 Nh7 27. Ree3 Ng5 28.
Bc1 f6 29. Kg2 Rcg8 30. Bd3 Kf7 31. Re1 Ke7 32. Ree3 Rh7 33. Kh2 Nf7 34. Kg2 g5
35. Kh2 Nh8 36. Bf1 Ng6 37. Kg1 Nf4 38. Bb2 Rgh8 39. Bc1 Kd7 40. Kh2 Kc7 41. Bb2
Ra8 42. Re1 Rhh8 43. a4 Bc8 44. Ra1 Ba6 45. Re1 Rh7 46. Kg1 Rah8 47. Ree3 Bc8
48. Nb1 Bd7 49. Na3 a6 50. Bc1 Nb3 51. Re1 Nxh3+ 52. Bxh3 Rxh3 53. Rxh3 Rxh3 54.
Be3 Bxg4 55. Kg2 Bd7 56. Nc2 Na5 57. Rf1 Rh6 0-1

[Event "32nd ECC Open 2016"]
[Site "Novi Sad SRB"]
[Date "2016.11.07"]
[Round "2.28"]
[White "Pihlajasalo, Hannu"]
[Black "Norgaard, Poul"]
[Result "1-0"]
[WhiteElo "2205"]
[BlackElo "1839"]
[WhiteTeam "Salon Shakkikerho"]
[BlackTeam "Nordea Skanderborg"]
[WhiteFideId "502456"]
[BlackFideId "1449885"]
[EventDate "2016.11.06"]

1. d4 d5 2. Bf4 c5 3. e3 Nc6 4. c3 e6 5. Nf3 Nf6 6. Nbd2 Be7 7. h3 O-O 8. Bd3 c4
9. Bc2 b5 10. a3 Bb7 11. O-O a5 12. e4 dxe4 13. Nxe4 Nxe4 14. Bxe4 f5 15. Bc2
Bf6 16. Qe2 Qd5 17. Rfe1 Rae8 18. Qf1 Ne7 19. Ne5 Ng6 20. Nxg6 hxg6 21. Be5 Kf7
22. Bd1 Qd7 23. f4 Bd5 24. Bf3 Re7 25. Re3 Rfe8 26. Rae1 g5 27. Bxf6 Kxf6 28.
fxg5+ Kxg5 29. Qf2 g6 30. Qg3+ Kh6 31. Bxd5 Qxd5 32. Re5 Qc6 33. Qe3+ Kg7 34. d5
Qd7 35. dxe6 Qc6 36. Qc5 Qxc5+ 37. Rxc5 Rb8 38. Ree5 b4 39. axb4 axb4 40. Rxc4
Kf6 41. Re2 bxc3 42. Rxc3 Rb6 43. Rce3 Kg7 44. b3 Kf8 45. Kf2 Reb7 46. e7+ Ke8
47. Rd2 Rxe7 48. Rb2 Rb4 49. Ke2 g5 50. Rxe7+ Kxe7 51. Kd3 Kd6 52. Kc3 Kc5 53.
Rf2 f4 54. Re2 Rb8 55. Re5+ Kc6 56. Rxg5 Rf8 57. h4 f3 58. gxf3 Rxf3+ 59. Kb2
Rh3 60. h5 Kb6 61. Ka3 Rh1 62. Ka4 Rh4+ 63. b4 Kb7 64. Kb5 Rh1 65. Rg7+ Kc8 66.
Kc6 Rc1+ 67. Kb6 Rh1 68. Rg8+ Kd7 69. Rg5 Kc8 70. b5 Rh2 71. Kc6 Rc2+ 72. Kd6
Rh2 73. Ke7 Rd2 74. h6 Rd7+ 75. Ke6 1-0

[Event "32nd ECC Open 2016"]
[Site "Novi Sad SRB"]
[Date "2016.11.07"]
[Round "2.29"]
[White "Williams, A. Howard"]
[Black "Sreeves, Clement"]
[Result "0-1"]
[WhiteTitle "FM"]
[BlackTitle "FM"]
[WhiteElo "2323"]
[BlackElo "2356"]
[WhiteTeam "Cardigan"]
[BlackTeam "Edinburgh Chess Club"]
[WhiteFideId "1800043"]
[BlackFideId "2402564"]
[EventDate "2016.11.06"]

1. d4 Nf6 2. c4 g6 3. Nf3 Bg7 4. Nc3 d5 5. Bg5 O-O 6. Bxf6 Bxf6 7. cxd5 c5 8. e3
Bg4 9. Be2 Bxf3 10. Bxf3 cxd4 11. exd4 Qb6 12. Qd2 Bxd4 13. O-O Nd7 14. Rad1
Bxc3 15. Qxc3 Rac8 16. Qa3 Qd6 17. Qxa7 Ra8 18. Qe3 Rxa2 19. Rfe1 Re8 20. Qb3
Ra6 21. Re6 fxe6 22. dxe6 Nc5 23. Qb5 Rd8 24. g3 Nd3 25. Be2 Rb6 26. Rxd3 Rxb5
27. Rxd6 Rxd6 28. Bxb5 Rb6 0-1